000 00719nam a22002057a 4500
005 20240530110546.0
008 160601s2014 ua a g b 000 0 ara d
020 _a9789773500144
040 _aEG-CaGPL
082 0 4 _221
_a155.28\
_bب م
100 0 _aبدر محمد الانصارى .
245 1 2 _aالمرجع فى مقاييس الشخصية /
_cبدر محمد الانصارى .
250 _aط.2 ؛ مزيدة و منقحة .
260 _aالقاهرة :
_bدار الكتاب الحديث ،
_c2014 .
300 _a626 ص ؛
_c24 سم .
650 0 4 _aاختبارات الشخصية .
650 0 4 _aالشخصية
_xتقييم .
942 _2ddc
_cBK
999 _c62366
_d62366